[Event "POR-chT3 final"]
[Site "Matosinhos"]
[Date "2012.07.21"]
[Round "2.2"]
[White "Ribeiro, Hugo Eduardo Santos"]
[Black "Ramos, Diogo Miguel Matos"]
[Result "0-1"]
[WhiteElo "1950"]
[BlackElo "1714"]
[PlyCount "66"]
[EventDate "2012.07.21"]
[EventType "team-k.o."]
[EventRounds "3"]
[EventCountry "POR"]
[SourceTitle "EXT 2015"]
[Source "ChessBase"]
[SourceDate "2014.11.20"]
[SourceVersion "1"]
[SourceVersionDate "2014.11.20"]
[SourceQuality "1"]
[WhiteTeam "Torres Novas"]
[BlackTeam "Barreirense II"]
[WhiteTeamCountry "POR"]
[BlackTeamCountry "POR"]

1. c4 e5 2. Nc3 f5 3. d3 Nf6 4. g3 Be7 5. Bg2 c6 6. Nf3 d6 7. 0-0 0-0 8. b4 Qe8 9. Qb3 Kh8 10. b5 a6 11. a4 Qh5 12. Nh4 Qf7 13. Rb1 Ng4 14. f3 Nh6 15. Kh1 Bxh4 16. gxh4 Qh5 17. Ba3 Rf6 18. bxc6 Nxc6 19. Nd5 Rg6 20. Nb6 Nd4 21. Qb2 Qxh4 22. e3 f4 23. exd4 Nf5 24. Qf2 Qh5 25. Nxc8 Rxc8 26. Rfe1 Ne3 27. Rxe3 fxe3 28. Qxe3 exd4 29. Qxd4 Re8 30. Bxd6 Rxg2 31. Kxg2 Re2+ 32. Kh1 Qxf3+ 33. Kg1 Qg2# 0-1